Пьесы; Ревизор; Женитьба; Драматические отрывки и отдельные сцены (1832 по 1837 год); Игроки; Утро делового человека; Тяжба; Отрывок; Театральный разъезд после представления новой комедии

Detalhes bibliográficos
Autor principal: Гоголь Н. В. Николай Васильевич
Outros Autores: Вишневская И. (автор послесловия), Костин А. (иллюстратор)
Idioma:russo
Publicado em: Москва, Молодая гвардия, 1977
TOC:Ревизор;
Женитьба;
Драматические отрывки и отдельные сцены (1832 по 1837 год);
Игроки;
Утро делового человека;
Тяжба;
Отрывок;
Театральный разъезд после представления новой комедии;
Colecção:Школьная библиотека
Assuntos:
Formato: Livro
KOHA link:https://koha.lib.tpu.ru/cgi-bin/koha/opac-detail.pl?biblionumber=112884

MARC

LEADER 00000nam0a2200000 4500
001 112884
005 20231101215105.0
035 |a (RuTPU)RU\TPU\book\122071 
090 |a 112884 
100 |a 20070403d1977 m y0rusy50 ca 
101 0 |a rus 
102 |a RU 
105 |a a z 001by 
200 1 |a Пьесы  |f Н. В. Гоголь  |g авт. послесл. и сост. И. Вишневская; худож. А. Костин 
210 |a Москва  |c Молодая гвардия  |d 1977 
215 |a 256 с.  |c ил. 
225 1 |a Школьная библиотека 
464 |t Ревизор 
464 |t Женитьба 
464 |t Драматические отрывки и отдельные сцены (1832 по 1837 год) 
464 |t Игроки 
464 |t Утро делового человека 
464 |t Тяжба 
464 |t Отрывок 
464 |t Театральный разъезд после представления новой комедии 
610 1 |a русская литература 
610 1 |a драматургия 
675 |a Р1  |v 3 
700 1 |a Гоголь  |b Н. В.  |c русский писатель  |f 1809-1852  |g Николай Васильевич  |2 stltpush  |3 (RuTPU)RU\TPU\pers\1036  |9 459 
702 1 |a Вишневская  |b И.  |4 075 
702 1 |a Костин  |b А.  |4 440 
801 1 |a RU  |b 63413507  |c 20070403  |g PSBO 
942 |c BK